|
|
|
|
| LEADER |
01333cam a2200541 7i4500 |
| 001 |
0000023709 |
| 005 |
20091022090000.0 |
| 020 |
0 |
0 |
|a 978-92-95044-21-0
|
| 090 |
0 |
0 |
|a AFRI 338.096
|b AFR
|
| 245 |
0 |
4 |
|a The Africa competitiveness report 2009.
|
| 260 |
0 |
0 |
|a Geneva:
|b World Economic Forum,
|c 2009.
|
| 300 |
# |
# |
|a 328 p.
|
| 650 |
0 |
0 |
|a International trade --
|x Statistics
|
| 650 |
0 |
0 |
|a Competition, International --
|x Statistics
|
| 650 |
0 |
0 |
|a Economic development --
|x Statistics
|
| 651 |
0 |
0 |
|a Mali
|
| 651 |
0 |
0 |
|a Senegal
|
| 651 |
0 |
0 |
|a Madagascar
|
| 651 |
0 |
0 |
|a Uganda
|
| 651 |
0 |
0 |
|a Zambia
|
| 651 |
0 |
0 |
|a Malawi
|
| 651 |
0 |
0 |
|a Mauritania
|
| 651 |
0 |
0 |
|a Lesotho
|
| 651 |
0 |
0 |
|a Chad
|
| 651 |
0 |
0 |
|a Gambia
|
| 651 |
0 |
0 |
|a Burkina faso
|
| 651 |
0 |
0 |
|a Cote d' Ivoire
|
| 651 |
0 |
0 |
|a Morocco
|
| 651 |
0 |
0 |
|a Algeria
|
| 651 |
0 |
0 |
|a Kenya
|
| 651 |
0 |
0 |
|a Tanzania
|
| 651 |
0 |
0 |
|a Mozambique
|
| 651 |
0 |
0 |
|a Burundi
|
| 651 |
0 |
0 |
|a Egypt
|
| 651 |
0 |
0 |
|a Nigeria
|
| 651 |
0 |
0 |
|a Zimbabwe
|
| 651 |
0 |
0 |
|a Tunisia
|
| 651 |
0 |
0 |
|a Libya
|
| 651 |
0 |
0 |
|a Namibia
|
| 651 |
0 |
0 |
|a Benin
|
| 651 |
0 |
0 |
|a Ethiopia
|
| 651 |
0 |
0 |
|a Cameroon
|
| 651 |
0 |
0 |
|a Botswana
|
| 651 |
0 |
0 |
|a Ghana
|
| 651 |
0 |
0 |
|a Mauritius
|
| 651 |
0 |
0 |
|a Africa
|
| 651 |
0 |
0 |
|a South Africa
|
| 999 |
|
|
|a 0000025559
|b Book
|c Regions
|e Business Information Centre
|